000 00391nam a2200157Ia 4500
008 220531s9999 xx 000 0 und d
041 _amar
100 _aदामले निळू
_954872
245 _aधर्मवादळ
260 _bSamkalin
_c1987
300 _a165
542 _d18-03-2009
650 _aGeneral
_954873
906 _d2008-2009
999 _c31735
_d31735